What works in schools : (Record no. 6818)

MARC details
000 -LEADER
fixed length control field 00789nam a22002177a 4500
003 - CONTROL NUMBER IDENTIFIER
control field OSt
005 - DATE AND TIME OF LATEST TRANSACTION
control field 20251204111006.0
008 - FIXED-LENGTH DATA ELEMENTS--GENERAL INFORMATION
fixed length control field 251204b |||||||| |||| 00| 0 eng d
020 ## - INTERNATIONAL STANDARD BOOK NUMBER
International Standard Book Number 0-87120-717-6
040 ## - CATALOGING SOURCE
Original cataloging agency DWC-Main lib
Transcribing agency OC
082 ## - DEWEY DECIMAL CLASSIFICATION NUMBER
Classification number Circ. 371.2 M393 2003
100 ## - MAIN ENTRY--PERSONAL NAME
Personal name Manzano, R.
245 ## - TITLE STATEMENT
Title What works in schools :
Remainder of title translating research into action
Statement of responsibility, etc. Manzano, Robert J.
260 ## - PUBLICATION, DISTRIBUTION, ETC.
Place of publication, distribution, etc. Alexandria, Virginia, USA :
Name of publisher, distributor, etc. Association For Supervision And Curriculum Development,
Date of publication, distribution, etc. c2003
300 ## - PHYSICAL DESCRIPTION
Extent 219 pages ;
Dimensions 25 cm.
504 ## - BIBLIOGRAPHY, ETC. NOTE
Bibliography, etc. note Includes bibliography references and index
650 ## - SUBJECT ADDED ENTRY--TOPICAL TERM
Source of heading or term Academic achievements
650 ## - SUBJECT ADDED ENTRY--TOPICAL TERM
Source of heading or term School improvement programs
650 ## - SUBJECT ADDED ENTRY--TOPICAL TERM
Source of heading or term Teaching
942 ## - ADDED ENTRY ELEMENTS (KOHA)
Source of classification or shelving scheme Dewey Decimal Classification
Koha item type Book Circulation
Classification part Circ. 371.2 M393 2003
Call number prefix Circ.
Suppress in OPAC No
952 ## - LOCATION AND ITEM INFORMATION (KOHA)
--
Holdings
Withdrawn status Lost status Source of classification or shelving scheme Damaged status Not for loan Home library Current library Shelving location Date acquired Source of acquisition Total Checkouts Full call number Barcode Date last seen Copy number Price effective from Koha item type Uniform Resource Identifier
    Dewey Decimal Classification     College Library College Library Circulation 08/11/2005 School Fund   Circ. 371.2 M393 2003 CL42265 12/04/2025 c1 12/04/2025 BK-CIRC